000 01389cam a2200325 a 4500
999 _c529565
_d529565
001 1528063
003 NUST
005 20190927153958.0
008 901217s1991 dcua b 000 0 eng
010 _a 90072084
020 _a0309049180 :
_c$8.00
038 _aMSOHAIL
040 _aDLC
_cDLC
_dDLC
050 0 0 _aTG325.6
_b.M35 1991
082 0 0 _a624.283
_220
100 1 _aManning, David G.
_921497
245 1 0 _aRemoving concrete from bridges /
_cDavid G. Manning ; topic panel, James E. Barnhart ... [et al.].
260 _aWashington, D.C. :
_bTransportation Research Board, National Research Council,
_c[1991]
300 _a42 p. :
_bill. ;
_c28 cm.
440 0 _aSynthesis of highway practice,
_x0547-5570 ;
_v169
_921855
500 _a"Research sponsored by the American Association of State Highway and Transportation Officials in cooperation with the Federal Highway Administration."
500 _a"June 1991."
504 _aIncludes bibliographical references (p. 33-35).
650 0 _aConcrete bridges
_xFloors
_xMaintenance and repair.
_921856
710 2 _aAmerican Association of State Highway and Transportation Officials.
_919553
710 1 _aUnited States.
_bFederal Highway Administration.
_920149
906 _a7
_bcbc
_corignew
_d2
_eopcn
_f19
_gy-gencatlg
942 _2ddc
_cBK